Methods in analysis /

Guardado en:
Autor Principal: Indritz, Jack.
Formato: Libro
Idioma:English
Publicado: New York : London : Macmillan ; Collier-Macmillan, c1963.
Series:A series of advanced mathematics texts
Etiquetas: Agregar Etiqueta
Sin Etiquetas, Sea el primero en etiquetar este registro!
LEADER 00531nam a22001695a 4500
001 MAT.inmabb001398
008 031124s1963####nyu###########000#0#eng#d
005 20170815143332.0
245 1 0 |a Methods in analysis /  |c Jack Indritz. 
260 |a New York :  |b Macmillan ;  |a London :  |b Collier-Macmillan,  |c c1963. 
300 |a viii, 481 p. ;  |c 24 cm. 
440 2 |a A series of advanced mathematics texts 
510 4 |a MR,  |c 27 #977 
100 1 |a Indritz, Jack. 
084 |a 00A69  |2 msc2000 
044 |a nyu  |a enk 
859 |h 00A69  |i In41  |p A-1658  |b BIB. MATEMATICA